000 00234nam a2200097Ia 4500
008 230915s9999 xx 000 0 und d
050 _aHF5386.J442010
100 _aMARK JEFFRIES
245 4 _aTHE ART OF BUSINESS SEDUCTION
942 _cBK
999 _c79390
_d79390